| 000 | 00504nam a22001937a 4500 | ||
|---|---|---|---|
| 003 | KOHA_MİRAKIL | ||
| 005 | 20251118080758.0 | ||
| 008 | 251118b tu ||||| |||| 00| 0 tur d | ||
| 020 | _a9786053750109 | ||
| 040 |
_aTR-AnABB _btur _cTR-AnABB |
||
| 041 | _atur | ||
| 082 |
_a813.42 _bMET 2009 |
||
| 100 | 1 | _aMete, Hesene, | |
| 245 | 1 | 0 | _aGünah / |
| 260 |
_aİstanbul : _bİthaki Yayınları, _c2009 |
||
| 300 |
_a158 sayfa ; _c20 cm |
||
| 650 | 0 | 4 | _aTürk edebiyatı, roman |
| 942 |
_2ddc _cBK |
||
| 999 |
_c9503 _d9503 |
||
| 900 | _bGizem YORULMAZ | ||